Nonlinear Systems
Uložené v:
| Hlavný autor: | |
|---|---|
| Médium: | Kniha |
| Jazyk: | English |
| Vydavateľské údaje: |
Upper Saddle River :
Prentice Hall,
2002
|
| Vydanie: | 3. Edition |
| Predmet: | |
| Tagy: |
Žiadne tagy, Buďte prvý, kto otaguje tento záznam!
|
MARC
| LEADER | 00000nam a22000003a 4500 | ||
|---|---|---|---|
| 001 | stu179184 | ||
| 005 | 20150617230041.3 | ||
| 008 | 090204s2002----xxu-----------------eng-d | ||
| 020 | |a 0-13-067389-7 | ||
| 040 | |a STU |b slo | ||
| 041 | 0 | |a eng | |
| 044 | |a xxu | ||
| 080 | |a 681.511.4 | ||
| 100 | 1 | |a Khalil, Hassan K. |4 aut | |
| 245 | 1 | |a Nonlinear Systems | |
| 250 | |a 3. Edition | ||
| 260 | |a Upper Saddle River : |b Prentice Hall, |c 2002 | ||
| 300 | |a 750 s | ||
| 650 | 7 | |a nelineárne riadiace systémy |2 stusub | |
| 996 | |b 284EK88624 |c E*88624 |l EE30 |s P |a 0 |w stu179184_0001 | ||
| 996 | |b 284J034825 |c J*110625 |l JJK1 |s P |a 0 |w stu179184_0002 | ||